Cargando...
Understanding Behaviors for Effective Leadership
| Autor Principal: | |
|---|---|
| Outros autores: | |
| Formato: | Printed Book |
| Publicado: |
New Delhii:
PHI.,
2006.
|
| Edición: | 2nd ed.; |
| Subjects: |
| LEADER | 00510cam a2200169ua 4500 | ||
|---|---|---|---|
| 020 | |a 978-81-203-3362-8 | ||
| 082 | |a 658.4092 |b HOW-U | ||
| 100 | |a Howell, Jon P. | ||
| 245 | |a Understanding Behaviors for Effective Leadership | ||
| 250 | |a 2nd ed.; | ||
| 260 | |a New Delhii: |b PHI., |c 2006. | ||
| 300 | |a 416p. | ||
| 650 | |a Leadership | ||
| 700 | |a Costley,Dan L. | ||
| 942 | |c BK | ||
| 999 | |c 42645 |d 42645 | ||
| 952 | |0 0 |1 0 |4 0 |6 658_409200000000000_HOWU |7 0 |9 54606 |a KU |b KU |d 2015-07-05 |l 0 |m 0 |o 658.4092 HOW-U |p MB06133 |r 2015-07-05 |y BK | ||